000
00312nam a22001217a 4500
082
_a
297
_b
ABD
100
_a
Khan, Abdul Waheed
245
_a
Inter-Faith Essays and other articles /
_c
Abdul Waheed Khan
260
_b
Islam-Christianity,
300
_a
173p. ;
_c
22 cm.
504
_a
PBK.
942
_2
ddc
_c
BK
999
_c
588601
_d
588601